Chandra Shekhar selected speeches 1990-91 / (Record no. 136888)

MARC details
000 -LEADER
fixed length control field 00871nam a22002177a 4500
010 ## - LIBRARY OF CONGRESS CONTROL NUMBER
LC control number A-701732
020 ## - INTERNATIONAL STANDARD BOOK NUMBER
Terms of availability 110.00
035 ## - SYSTEM CONTROL NUMBER
System control number A-701732
037 ## - SOURCE OF ACQUISITION
Source of stock number/acquisition Cen Lib / Ret
040 ## - CATALOGING SOURCE
Original cataloging agency DPL
Language of cataloging EN
082 ## - DEWEY DECIMAL CLASSIFICATION NUMBER
Classification number 080
Item number IND
110 ## - MAIN ENTRY--CORPORATE NAME
Subordinate unit India. Ministry of Information and Broadcasting. Publications Division.
245 ## - TITLE STATEMENT
Title Chandra Shekhar selected speeches 1990-91 /
Statement of responsibility, etc India. Ministry of Information and Broadcasting. Publications Division.
260 ## - PUBLICATION, DISTRIBUTION, ETC. (IMPRINT)
Place of publication, distribution, etc New Delhi
Name of publisher, distributor, etc Publications Division, Ministry of Information and Broadcasting, Govt. of India,
Date of publication, distribution, etc 1993
270 ## - ADDRESS
Address Publications Division, Ministry of Information and Broadcasting, Govt. of India,
City New Delhi
300 ## - PHYSICAL DESCRIPTION
Extent 147p ;
Other physical details 27cm(Hb)
650 ## - SUBJECT ADDED ENTRY--TOPICAL TERM
Topical term or geographic name as entry element Presidents -- India.
650 ## - SUBJECT ADDED ENTRY--TOPICAL TERM
Topical term or geographic name as entry element Speeches, addresses, etc.
650 ## - SUBJECT ADDED ENTRY--TOPICAL TERM
Topical term or geographic name as entry element India -- Politics and government
942 ## - ADDED ENTRY ELEMENTS (KOHA)
Source of classification or shelving scheme Dewey Decimal Classification
Koha item type English Books
Classification part 080
Call number suffix IND
Holdings
Withdrawn status Lost status Damaged status Not for loan Home library Current library Date acquired Source of acquisition Cost, normal purchase price Total Checkouts Full call number Barcode Date last seen Copy number Cost, replacement price Price effective from Koha item type
        Central Library Central Library 11/03/2016 Cen Lib/Ret 110.00   080 IND A-701732 11/03/2016 1 110.00 11/03/2016 English Books

© Delhi Public Library
Hit Counter
free hit counter